Výkonnosť poľnohospodárstva v Slovenskej republike
Vysvetlenie základných pojmov. Prínos produkcie poľnohospodárstva k tvorbe hrubého domáceho produktu Slovenskej republiky. Vývoj hrubého domáceho produktu v rokoch 1995-2014. Faktory ovplyvňujúce hodnotu hrubého domáceho produktu vytvoreného v poľnohospodárstve. Hrubý domáci produkt podľa ekonomický...
Salvato in:
| Autore principale: | |
|---|---|
| Natura: | Capitolo di libro |
| Lingua: | slovacco |
| Soggetti: | |
| Tags: |
Nessun Tag, puoi essere il primo ad aggiungerne!!
|
MARC
| LEADER | 00000nla a2200000 4500 | ||
|---|---|---|---|
| 001 | 0224310 | ||
| 005 | 20240527080406.4 | ||
| 041 | 0 | |a slo | |
| 044 | |a SK | ||
| 245 | 1 | 0 | |a Výkonnosť poľnohospodárstva v Slovenskej republike |c Miroslav Tóth |
| 520 | |a Vysvetlenie základných pojmov. Prínos produkcie poľnohospodárstva k tvorbe hrubého domáceho produktu Slovenskej republiky. Vývoj hrubého domáceho produktu v rokoch 1995-2014. Faktory ovplyvňujúce hodnotu hrubého domáceho produktu vytvoreného v poľnohospodárstve. Hrubý domáci produkt podľa ekonomických činností. Pridaná hodnota podľa ekonomických činností. Medzispotreba podľa ekonomických činností. Tvorba hrubého fixného kapitálu podľa ekonomických činností. | ||
| 610 | 2 | 0 | |a poľnohospodárstvo |
| 610 | 2 | 0 | |a výkonnosť |
| 610 | 2 | 0 | |a produkt domáci hrubý |
| 610 | 2 | 0 | |a hodnota pridaná |
| 610 | 2 | 0 | |a kapitál fixný |
| 610 | 2 | 0 | |a medzispotreba |
| 610 | 2 | 0 | |a Slovensko |
| 100 | 1 | |a Tóth, Miroslav, 1961- | |